<?xml version="1.0" encoding="UTF-8"?>
<collection xmlns="http://www.loc.gov/MARC21/slim">
 <record>
  <leader>01744nam a22002057a 4500</leader>
  <controlfield tag="001">NCT_140130</controlfield>
  <controlfield tag="008">180912b        xxu||||| |||| 00| 0 vie d</controlfield>
  <datafield tag="999" ind1=" " ind2=" ">
   <subfield code="c">7221</subfield>
   <subfield code="d">7221</subfield>
  </datafield>
  <datafield tag="020" ind1=" " ind2=" ">
   <subfield code="a">9786048229719</subfield>
   <subfield code="c">125000</subfield>
  </datafield>
  <datafield tag="082" ind1="0" ind2="4">
   <subfield code="2">23rd ed.</subfield>
   <subfield code="a">711</subfield>
   <subfield code="b">Kh452</subfield>
  </datafield>
  <datafield tag="100" ind1="1" ind2=" ">
   <subfield code="a">Doãn Minh Khôi</subfield>
  </datafield>
  <datafield tag="245" ind1="1" ind2="0">
   <subfield code="a">Hình thái học đô thị</subfield>
   <subfield code="c">Doãn Minh Khôi</subfield>
  </datafield>
  <datafield tag="250" ind1=" " ind2=" ">
   <subfield code="a">Tái bản</subfield>
  </datafield>
  <datafield tag="260" ind1=" " ind2=" ">
   <subfield code="a">H.</subfield>
   <subfield code="b">Xây dựng</subfield>
   <subfield code="c">2019</subfield>
  </datafield>
  <datafield tag="300" ind1=" " ind2=" ">
   <subfield code="a">228tr.</subfield>
   <subfield code="b">minh họa</subfield>
   <subfield code="c">27cm</subfield>
  </datafield>
  <datafield tag="520" ind1="3" ind2=" ">
   <subfield code="a">Nội dung gồm 2 nội dung cơ bản: Phần thứ nhất là Hình thái học đô thị đại cương và phần thứhai là Hình thái học đô thị ứng dụng.  - Phần thứ nhất: tác giả trình bày 7 nội dung cơ bản bao gồm: Đô thị và Hình thái học đô thị; Các yếu tố tác động tới biến đổi hình thái đô thị; Đại hình thái đô thị; Cấu trúc hình thái và quy hoạch đô thị; Hình thái Thửa - ô - lô mảnh; Cấu trúc hình thái và kiến trúc xây dựng; Các yếu tố cấu thành hình thái không gian đô thị.  - Phần thứ hai: nghiên cứu về hình thái đô thị của 6 đô thị bao gồm: Các đô thị lớn (Hà Nội, TPHCM); Các đô thị có giá trị văn hóa lịch sử (Huế, Đà Lạt) và Các đô thị biển (Đà Nẵng, Vũng Tàu).</subfield>
  </datafield>
  <datafield tag="653" ind1=" " ind2=" ">
   <subfield code="a">Kiến trúc</subfield>
  </datafield>
  <datafield tag="942" ind1=" " ind2=" ">
   <subfield code="2">ddc</subfield>
   <subfield code="c">BK</subfield>
  </datafield>
  <datafield tag="952" ind1=" " ind2=" ">
   <subfield code="0">0</subfield>
   <subfield code="1">0</subfield>
   <subfield code="2">ddc</subfield>
   <subfield code="4">0</subfield>
   <subfield code="6">711_000000000000000_KH452</subfield>
   <subfield code="7">0</subfield>
   <subfield code="9">25936</subfield>
   <subfield code="a">000001</subfield>
   <subfield code="b">000001</subfield>
   <subfield code="d">2022-08-04</subfield>
   <subfield code="o">711 Kh452</subfield>
   <subfield code="p">MD.15388</subfield>
   <subfield code="r">2022-08-04</subfield>
   <subfield code="v">125000.00</subfield>
   <subfield code="w">2022-08-04</subfield>
   <subfield code="y">BK</subfield>
  </datafield>
  <datafield tag="980" ind1=" " ind2=" ">
   <subfield code="a">Thư viện Trường Đại học Nam Cần Thơ</subfield>
  </datafield>
 </record>
</collection>
